000 00604nam a2200253 a 4500
001 nice12345678
003 IN_TiNIC
005 20260116011615.0
008 050524s1950 lona grp 000 0 eng
020 _a
_c0
082 0 0 _a181.07
_bARB2
100 _aArberry, A J
245 _aSpiritual Physick of Rhazes
260 _aLondon
_bJohn Murray
_c1950
300 _a109p
500 _aincludes index and biblioraphy
505 2 _aIndex
650 _aPhilosophy-Islamic-Rhazes
650 _aIslam and Science
700 1 _aArberry, A J
902 _bSRS
942 _cBK
999 _c2863
_d2863